Statistics for Countries that Beat China

Click here to take the quiz!

General Stats

  • This quiz has been taken 15,694 times
  • The average score is 12 of 16

Answer Stats

Rank Hint Countries % Correct
3Largest surface areaRussia, Canada
100%
2Biggest economy (nominal)United States
99%
2Projected population in 2050India
98%
2Tallest buildingUnited Arab Emirates
91%
2Most tanksRussia
89%
5Most desertAustralia, Algeria, Saudi Arabia, Canada
82%
2Most prisonersUnited States
77%
3Most different wild speciesBrazil, Colombia
74%
3Source of immigrants to AustraliaNew Zealand, United Kingdom
72%
4Best student performance in math (PISA, 2015)
Note: China only tests some students
Singapore, Taiwan, Japan
68%
3Current account balance (exports minus imports)Germany, Japan
65%
2Players ranked in the top 100 in chessRussia
64%
11 (t)Shortest JetPunk nameChad, Iran, Iraq, ....
60%
2Most UNESCO World Heritage sitesItaly
48%
5Lowest elevation on landJordan, Israel, Djibouti, Syria
41%
3Iron ore productionAustralia, Brazil
40%

Score Distribution

Percentile by Number Answered

Percent of People with Each Score

Your Score History

You have not taken this quiz